000
00298nam a2200121 a 4500
008
040304s1981||||xx 0 und c
040
_a
SNK
_b
slo
_c
SNK
_e
AACR2
245
1
0
_a
Levoča
020
_c
10
044
_a
xo
_c
SK
041
_a
slo
260
_c
1981
_a
Košice
_b
Východoslovenský vydavateľstvo
999
_c
19681
_d
19681